[Event "Niederbayernliga 0708"]
[Site "Germany"]
[Date "2007.11.04"]
[Round "2.2"]
[White "Fodor, Patrick"]
[Black "Martin, Johann"]
[Result "1-0"]
[WhiteElo "1765"]
[BlackElo "1866"]
[PlyCount "111"]
[EventDate "2007.10.21"]
[EventType "team-tourn"]
[EventRounds "9"]
[EventCountry "GER"]
[SourceTitle "EXT 2009"]
[Source "ChessBase"]
[SourceDate "2008.11.26"]
[SourceVersion "1"]
[SourceVersionDate "2008.11.26"]
[SourceQuality "1"]
[WhiteTeam "Schaibing"]
[BlackTeam "Vilshofen"]
[WhiteTeamCountry "GER"]
[BlackTeamCountry "GER"]

1. e4 c6 2. d4 d5 3. exd5 cxd5 4. c4 Nf6 5. Nc3 Nc6 6. Be3 Bf5 7. Qb3 Qb6 8. Qxb6 axb6 9. cxd5 Nb4 10. Bb5+ Nd7 11. Kd2 e6 12. dxe6 Bxe6 13. Nf3 Bd6 14. Ng5 Bf5 15. a3 Nc6 16. d5 Na5 17. Rae1 0-0 18. Nge4 Nb3+ 19. Kd1 Bc5 20. Bxd7 Bxd7 21. Nxc5 Nxc5 22. Bxc5 bxc5 23. Re7 Rfd8 24. Rhe1 Kf8 25. Kc2 b5 26. R1e5 f6 27. Re3 b4 28. Ne2 bxa3 29. bxa3 Bf5+ 30. Kb3 Rxd5 31. Rc7 Rad8 32. Nf4 Rd4 33. g3 c4+ 34. Rxc4 Rxc4 35. Kxc4 Kf7 36. a4 g5 37. Nd3 Rc8+ 38. Nc5 Bh3 39. a5 Ra8 40. Nb7 Bf1+ 41. Kc5 Ra6 42. Rb3 Bg2 43. Nd6+ Kg6 44. Nc4 h5 45. Rb6 Ra7 46. a6 h4 47. Ne3 Bf3 48. Nd5 Bxd5 49. Kxd5 hxg3 50. hxg3 Kf5 51. f3 Kg6 52. Kc5 Kf5 53. Rc6 Rd7 54. g4+ Kf4 55. Rxf6+ Kg3 56. Kc6 1-0

[Event "Niederbayernliga 0708"]
[Site "Germany"]
[Date "2007.04.20"]
[Round "9.2"]
[White "Fodor, Patrick"]
[Black "Maierhofer, Johann"]
[Result "0-1"]
[WhiteElo "1765"]
[BlackElo "2043"]
[PlyCount "110"]
[EventDate "2007.10.21"]
[EventType "team-tourn"]
[EventRounds "9"]
[EventCountry "GER"]
[SourceTitle "EXT 2009"]
[Source "ChessBase"]
[SourceDate "2008.11.26"]
[SourceVersion "1"]
[SourceVersionDate "2008.11.26"]
[SourceQuality "1"]
[WhiteTeam "Schaibing"]
[BlackTeam "Simbach"]
[WhiteTeamCountry "GER"]
[BlackTeamCountry "GER"]

1. e4 Nf6 2. Nc3 d5 3. e5 d4 4. exf6 dxc3 5. fxe7 cxd2+ 6. Bxd2 Bxe7 7. Qf3 Nd7 8. 0-0-0 0-0 9. h4 c6 10. Bd3 Bf6 11. Qe4 g6 12. h5 Nc5 13. Qf4 Nxd3+ 14. cxd3 Qd4 15. Qxd4 Bxd4 16. f3 Re8 17. Rh4 Bf6 18. Re4 Bf5 19. Rxe8+ Rxe8 20. hxg6 hxg6 21. Kc2 c5 22. g4 Be6 23. Re1 Rd8 24. Ne2 Bd5 25. g5 Bg7 26. f4 Re8 27. Nc3 Rxe1 28. Bxe1 Bc6 29. Ne4 b6 30. b3 Kf8 31. Nd6 Bd7 32. Bc3 Bd4 33. Nc4 Bg1 34. Bf6 Bh2 35. Be5 Ke7 36. Kc3 Ke6 37. Nd6 Bg1 38. Kc4 a6 39. a4 Bc6 40. Nc8 b5+ 41. axb5 axb5+ 42. Kc3 b4+ 43. Kc2 Bd4 44. Nd6 Bxe5 45. fxe5 Kxe5 46. Nxf7+ Kf5 47. Nd6+ Kxg5 48. Nc4 Kf4 49. Kd2 g5 50. d4 cxd4 51. Kd3 Bb5 52. Kxd4 Bxc4 53. bxc4 g4 54. c5 g3 55. c6 g2 0-1